Responses for show #2828 - Wednesday, December 11, 1996

Contestants

Jeff Punim, a physician from Long Beach, California

Sheila Austin, an accountant from Austin, Texas

Brad Smith, a newspaper reporter from Winnetka, California (whose 1-day cash winnings total $11,599)

Jeopardy! Round responses

CATS & DOGS
COLORS
TV CHARACTERS
HISTORY
FRENCH CUISINE
"OUT OF "
(and then there will be a blank; you have to fill in the blank)
    $100 6
Bloodhound

Brad
    $100 23
Toast

Brad
    $100 17
Matlock

Brad
    $100 1
Magna Carta

Brad
    $100 16
Wheel

Sheila
    $100 8
Out of order

Jeff
    $200 7
Manx

Jeff
    $200 24
Scarlet

Sheila
    $200 18
(Brad: Who is Daisy Mae?)
(Sheila: Who is Granny Clampett?)
[Accepted as correct; reversed before Double Jeopardy! because "we did some checking during the commercial break and discovered that Granny on The Beverly Hillbillies was Jed Clampett's mother-in-law, not his mom, so we can't accept Granny Clampett. It was Granny Moses."]

Granny (Moses)

BradSheila
Triple Stumper
    $200 2
Benito Mussolini

Jeff
    $200 22
Potatoes

Sheila
    $200 9
Out of doors

Jeff
    $300 13
Burmese

Sheila
    $300 25
Coral

Sheila
    $300 19
Jessica Fletcher

Sheila
    $300 3
Constantinople

Brad
    $300 28
Spinach

Jeff
    $300 10
Out of mind

Brad
    $400 14
Hungary

Jeff
    $400 26
Blue

Brad
    $400 20
LeVar Burton

Sheila
    $400 4
Ottoman Empire

Brad
    $400 29
Tomato Puree

Triple Stumper
    $400 11
Out of bounds

Brad
    $500 15
(B: What is calico?)
(A: We learned something on that one, & that's good!)

Tabby

Brad
Triple Stumper
    $500 27
(B: What is amarinth?)

Chartreuse

Brad
Triple Stumper
    $500 21
Hoss

Brad
    $600 5
Anastasio Somoza

Brad
    $500 30
Pineapples

Triple Stumper
    $500 12
"Out Of Africa"

Brad

Scores at the first commercial break (after clue 15):

Brad Sheila Jeff
$2,200 $300 $1,100

Scores at the end of the Jeopardy! Round:

Brad Sheila Jeff
$2,600 $1,600 $1,400

Double Jeopardy! Round responses

THE CLINTON CABINET
GEOGRAPHY
BALLET
FOREIGN FILM DIRECTORS
BIOLOGY
BOOKS & AUTHORS
    $200 2
Janet Reno

Brad
    $200 1
Sahara

Sheila
    $200 26
"Sleeping Beauty"

Brad
    $200 11
Federico Fellini

Brad
    $200 10
Gills

Sheila
    $200 13
"Exodus"

Sheila
    $400 3
Warren Christopher

Sheila
    $400 7
Amazon

Brad
    $400 27
(S: Who is Liszt?)

Frederic Chopin

SheilaJeff
    $400 22
Sir David Lean

Triple Stumper
    $400 18
(S: What are spores?)

Fungi

Sheila
Triple Stumper
    $400 14
Michael Crichton

Sheila
    $600 4
Ron Brown

Sheila
    $600 8
Sri Lanka (Ceylon)

Jeff
    $600 28
(buzzer sounds)

"Romeo & Juliet"

Brad
    $400 23
(J: no response)
(and we have less than a minute to go, Jeff...)

Roman Polanski

Jeff
    $600 19
Egg

Jeff
    $600 15
Kurt Vonnegut, Jr.

Triple Stumper
    $800 5
Bruce Babbitt

Sheila
    $1,200 9
(J: What is Romania?)

Greece

Jeff
    $800 24
Akira Kurosawa

Triple Stumper
    $800 20
Olfactory Nerves

Jeff
    $800 16
Jacqueline Susann

Triple Stumper
    $1000 6
Donna Shalala

Brad
    $1000 12
Gulf of Bothnia

Brad
    $1000 25
New Zealand

Jeff
    $1000 21
Papillae

Jeff
    $1000 17
"The Red And The Black"

Jeff

Scores at the end of the Double Jeopardy! Round:

Brad Sheila Jeff
$6,200 $3,600 $5,200

[wagering suggestions for these scores]

Final Jeopardy! Round responses

HOLIDAYS & OBSERVANCES
SheilaWhat is Mother's Day?
$2,601
JeffWhat is Father's Day
$2,001
BradWhat is Mother's Day
$6,150
Father's Day

Final scores:

Brad Sheila Jeff
$50 $999 $7,201
3rd place: Swintec SF 1205 Single-line Fax Machine 2nd place: Trip to Longboat Key, Florida New champion: $7,201

Game dynamics:

Coryat scores:

Brad Sheila Jeff
$6,100 $3,600 $6,800
19 R
(including 1 DD),
3 W
14 R,
3 W
13 R,
2 W
(including 2 DDs)

Combined Coryat: $16,500

The J! Archive is created by fans, for fans. The Jeopardy! game show and all elements thereof, including but not limited to copyright and trademark thereto, are the property of Jeopardy Productions, Inc. and are protected under law. This website is not affiliated with, sponsored by, or operated by Jeopardy Productions, Inc. Join the discussion at JBoard.tv.